MARC details
| 000 -LEADER |
| fixed length control field |
01524nam a2200241 4500 |
| 008 - FIXED-LENGTH DATA ELEMENTS--GENERAL INFORMATION |
| fixed length control field |
171204b xxu||||| |||| 00| 0 eng d |
| 020 ## - INTERNATIONAL STANDARD BOOK NUMBER |
| International Standard Book Number |
0323025862 |
| 082 ## - DEWEY DECIMAL CLASSIFICATION NUMBER |
| Edition number |
2005 |
| Classification number |
DC 610.73 |
| Item number |
P85f |
| 100 ## - MAIN ENTRY--PERSONAL NAME |
| 9 (RLIN) |
23986 |
| Personal name |
Potter, Patricia A., author. |
| 245 ## - TITLE STATEMENT |
| Title |
Fundamentals of nursing / |
| Statement of responsibility, etc. |
Patricia A. Potter, Anne Griffin Perry. |
| 250 ## - EDITION STATEMENT |
| Edition statement |
6th edition. |
| 260 ## - PUBLICATION, DISTRIBUTION, ETC. (IMPRINT) |
| Place of publication, distribution, etc. |
St. Louis, Mo. : |
| Name of publisher, distributor, etc. |
Mosby, |
| Date of publication, distribution, etc. |
©2005. |
| 300 ## - PHYSICAL DESCRIPTION |
| Extent |
xliii, 1,728 pages : |
| Other physical details |
color illustrations ; |
| Dimensions |
29 cm + |
| Accompanying material |
1 computer disc (4 3/4 in.) |
| 500 ## - GENERAL NOTE |
| General note |
Includes bibliographical references and index. |
| 505 ## - FORMATTED CONTENTS NOTE |
| Formatted contents note |
The client and the health care environment -- Caring throughout the life span -- Critical thinking in nursing practice -- Professional standards in nursing practice -- Psychosocial basis for nursing practice -- Scientific basis for nursing practice -- Basic human needs -- Clients with special needs. |
| 520 ## - SUMMARY, ETC. |
| Summary, etc. |
This textbook is designed for beginning students in all types of professional nursing programs. The comprehensive coverage provides fundamental nursing concepts, skills, and techniques of nursing practice and a firm foundation for more advanced areas of study. [It] provides a contemporary approach to nursing practice, discussing the entire scope of primary, acute, and restorative care.-Pref. to the Instructor. |
| 650 #0 - SUBJECT ADDED ENTRY--TOPICAL TERM |
| 9 (RLIN) |
23984 |
| Topical term or geographic name as entry element |
Nursing |
| 650 #0 - SUBJECT ADDED ENTRY--TOPICAL TERM |
| 9 (RLIN) |
23985 |
| Topical term or geographic name as entry element |
Nursing Care |
| 650 #0 - SUBJECT ADDED ENTRY--TOPICAL TERM |
| 9 (RLIN) |
23987 |
| Topical term or geographic name as entry element |
Nursing Process |
| 650 #0 - SUBJECT ADDED ENTRY--TOPICAL TERM |
| 9 (RLIN) |
23988 |
| Topical term or geographic name as entry element |
Nurse and patient |
| 700 ## - ADDED ENTRY--PERSONAL NAME |
| 9 (RLIN) |
23989 |
| Personal name |
Perry, Anne Griffin, author. |
| 942 ## - ADDED ENTRY ELEMENTS (KOHA) |
| Source of classification or shelving scheme |
Dewey Decimal Classification |
| Koha item type |
Circulation |